书目信息 |
| 题名: |
政治
|
|
| 作者: | 鞠中祥 主编 | |
| 分册: | 下册 经济常识 | |
| 出版信息: | 北京 高等教育出版社 1991.03 |
|
| 页数: | 238页 | |
| 开本: | 19cm | |
| 丛书名: | 各类成人高考复习指导丛书(第五版) | |
| 单 册: | ||
| 中图分类: | G723.42 | |
| 科图分类: | ||
| 主题词: | 教育--类型 | |
| 电子资源: | ||
| ISBN: | 7-04-003375-5 | |
| 000 | 00710nam0 2200241 45 | |
| 001 | 0404291645 | |
| 005 | 20040429163532.5 | |
| 010 | @a7-04-003375-5@dCNY2.85 | |
| 100 | @a20040429d1991 km y0chiy0120 ea | |
| 101 | 0 | @achi |
| 105 | @a z 000yy | |
| 200 | 1 | @a政治@i经济常识@h下册@AZheng Zhi@f鞠中祥主编@FJu Zhong Xiang Zhu Bian |
| 205 | @a5版 | |
| 210 | @a北京@c高等教育出版社@d1991.03 | |
| 215 | @a238页@d19cm | |
| 225 | @a各类成人高考复习指导丛书(第五版) | |
| 410 | @12001 @a各类成人高考复习指导丛书(第五版) | |
| 517 | @a经济常识@AJing Ji Chang Shi | |
| 606 | 0 | @a教育@x类型 |
| 690 | @aG723.42@v3 | |
| 701 | 0 | @a鞠中祥@4主编 |
| 801 | @aCN@bTSTCL@c20040429 | |
| 905 | @dG723.42@e60:2=5@b225077@f1 | |
| 政治.经济常识.下册/鞠中祥主编.-5版.-北京:高等教育出版社,1991.03 |
| 238页;19cm.-(各类成人高考复习指导丛书(第五版)) |
| ISBN 7-04-003375-5:CNY2.85 |
| ● |
| 相关链接 |
|
|
|
|
正题名:政治
索取号:G723.42/60:2=5
 
预约/预借
| 序号 | 登录号 | 条形码 | 馆藏地/架位号 | 状态 | 备注 |
| 1 | 0225077 | 000295086 | 第一样本阅览室/ [索取号:G723.42/60:2=5] | 在馆 |